Normal view
MARC view
- Advanced thermodynamics for engineers
Entry Topical Term
001 - CONTROL NUMBER
- control field: 127123
003 - CONTROL NUMBER IDENTIFIER
- control field: NUST
005 - DATE AND TIME OF LATEST TRANSACTION
- control field: 20241213104355.0
008 - FIXED-LENGTH DATA ELEMENTS
- fixed length control field: 241213|| aca||aabn | a|a d
040 ## - CATALOGING SOURCE
- Original cataloging agency: NUST
- Transcribing agency: NUST
150 ## - HEADING--TOPICAL TERM
- Topical term or geographic name entry element: Advanced thermodynamics for engineers
670 ## - SOURCE DATA FOUND
- Source citation: Work cat.: (NUST): D.E Winterbone 127122, Advanced thermodynamics for engineers , 1997.
